Reglamento para el servicio interior de sus oficinas (Record no. 158455)

MARC details
000 -LEADER
campo de control de longitud fija 00725nam a2200157 i 4500
001 - NÚMERO DE CONTROL
campo de control 158455
003 - IDENTIFICADOR DE NÚMERO DE CONTROL
campo de control ES-MaACL
005 - FECHA Y HORA DE LA ÚLTIMA TRANSACCIÓN
campo de control 20230906211146.0
008 - DATOS DE LONGITUD FIJA--INFORMACIÓN GENERAL
campo de control de longitud fija 990421s1887 sp |||| | spa d
110 1# - ENTRADA PRINCIPAL--NOMBRE DE ENTIDAD CORPORATIVA
Nombre de entidad corporativa o nombre de jurisdicción como elemento de entrada Madrid (Provincia).
Unidad subordinada Diputación Provincial.
9 (RLIN) 134671
245 10 - MENCIÓN DEL TÍTULO
Título Reglamento para el servicio interior de sus oficinas
Resto del título : formado en cumplimiento á lo dispuesto en el art. 104 de la ley provincial /
Mención de responsabilidad, etc. Diputación Provincial de Madrid.
260 ## - PUBLICACIÓN, DISTRIBUCIÓN, ETC.
Lugar de publicación, distribución, etc. Madrid :
Nombre del editor, distribuidor, etc. [s.n.],
Fecha de publicación, distribución, etc. 1887 (
Fabricante Escuela Tipográfica del Hospicio)
300 ## - DESCRIPCIÓN FÍSICA
Extensión 56 p. ;
Dimensiones 20 cm.
650 #4 - PUNTO DE ACCESO ADICIONAL DE MATERIA--TÉRMINO DE MATERIA
Término de materia o nombre geográfico como elemento de entrada Administración provincial-
Subdivisión geográfica Madrid (Provincia)-
Subdivisión general Personal-
Subdivisión de forma Reglamentos.
9 (RLIN) 135498
852 ## - LOCALIZACIÓN
Ubicación ES-MaACL
Número de control de estantería L-4902
Nota libre -- Enc. hol.
-- -- Enc. en un vol. facticio
Holdings
Estatus retirado Estado de pérdida Estado de daño No para préstamo Colección Biblioteca de origen Biblioteca actual Ubicación en estantería Fecha de adquisición Fuente de adquisición Total de préstamos Signatura topográfica completa Código de barras Visto por última vez Precio de reemplazo Tipo de ítem Koha
        Libros del s. XIX Biblioteca del Ateneo de Madrid Biblioteca del Ateneo de Madrid Depósito 2 17/01/2008     L-4902 1165847 23/02/2023 23/02/2023 Libro impreso antiguo